| 000 | 00557nam a2200193 a 4500 | ||
|---|---|---|---|
| 001 | 5121 | ||
| 003 | CDMR | ||
| 005 | 20131125181645.0 | ||
| 008 | 130130s1990||||||||||||||||||||||||||||d | ||
| 020 | _a8434003783 | ||
| 040 |
_aCDMR _bcat _cCDMR |
||
| 245 | 0 | _aLegislación sobre la radio y la televisión | |
| 260 |
_aMadrid _c1990 _bBoletín Oficial del Estado |
||
| 300 | _a893 p. | ||
| 490 | 0 | _aCompilaciones (Boletín Oficial del Estado) | |
| 650 | 0 | 4 |
_93205 _aTelevisió _xDret i legislació |
| 650 | 0 | 4 |
_94386 _aRàdio _xDret i legislació |
| 942 |
_cMON _2udc |
||
| 999 |
_c5121 _d5121 |
||